书目信息 |
| 题名: |
计算机网络应用与实践教程
|
|
| 作者: | 段宁华 编著 | |
| 分册: | ||
| 出版信息: | 北京 清华大学出版社 2007.08 |
|
| 页数: | 260页 | |
| 开本: | 26cm | |
| 丛书名: | ||
| 单 册: | ||
| 中图分类: | TP393 | |
| 科图分类: | ||
| 主题词: | 计算机应用 | |
| 电子资源: | ||
| ISBN: | 978-7-302-15452-5 | |
| 000 | 00627nam0 2200193 450 | |
| 001 | 0860495946 | |
| 005 | 20080228165023.70 | |
| 010 | @a978-7-302-15452-5@dCNY23.00 | |
| 100 | @a20080228d2007 km y0chiy0120 ea | |
| 101 | 0 | @achi |
| 102 | @aCN@b110000 | |
| 200 | 1 | @a计算机网络应用与实践教程@Aji suan ji wang luo ying yong yu shi jian jiao cheng@f段宁华等编著@Fduan ning hua deng bian zhu |
| 210 | @a北京@c清华大学出版社@d2007.08 | |
| 215 | @a260页@d26cm | |
| 606 | 0 | @a计算机应用 |
| 690 | @aTP393@v4 | |
| 701 | 0 | @a段宁华@Aduan ning hua@4编著 |
| 801 | 0 | @aCN@b大连网信软件有限公司图书馆·11@c20080228 |
| 905 | @aZUCC@dTP393@eD9251 | |
| 计算机网络应用与实践教程/段宁华等编著.-北京:清华大学出版社,2007.08 |
| 260页;26cm |
| ISBN 978-7-302-15452-5:CNY23.00 |
| ● |
| 相关链接 |
|
|
|
正题名:计算机网络应用与实践教程
索取号:TP393/D9251
 
预约/预借
| 序号 | 登录号 | 条形码 | 馆藏地/架位号 | 状态 | 备注 |
| 1 | 478435 | 204784359 | 期刊室512/ [索取号:TP393/D9251] | 在馆 |